| 000 | 00524nam a2200181Ia 4500 | ||
|---|---|---|---|
| 008 | 151018s9999 xx 000 0 und d | ||
| 082 |
_bRBASDV56559 _a891.467 |
||
| 100 | _aबाळ सामंत | ||
| 245 | _aविनोदी चुटके | ||
| 250 | _b1 | ||
| 260 |
_bरोहन _c1994 |
||
| 300 | _a96 | ||
| 600 | _aबाळ सामंत | ||
| 630 | _aविनोदी चुटके | ||
| 700 | _aबाळ सामंत | ||
| 730 | _aविनोदी चुटके | ||
| 942 | _cBOOK | ||
| 999 |
_c1052021 _d1052018 |
||